000 00367nam a2200145Ia 4500
008 240624s9999 xx 000 0 und d
041 _aeng
082 _a808 CRA
100 _aCRASWELL GAIL
245 _aWRITING FOR ACADEMIC SUCCESS
250 _a(2nd ed.)
260 _c2012
_aLondon
_bSage Publications
300 _axi, : 248 : p. : cm. ; 24
365 _cGBP
_b30
999 _c19816
_d19816